00201nam a2200085Ia 4500008004100000100002000041245003300061260001200094260000900106180219s9999 xx 000 0 und d aMinsi Premchand 0aPrem Chand Ki Anmol Kahaniya aMathura c2012